ဘွဲ့တံဆိပ်တော်ရ ဆရာတော်များနှင့် ရှေးနှောင်းထင်ပေါ် ဆရာတော် (၁၀၅) ပါးတို့၏ အတ္ထုပ္ပတ္တိအကျဉ်း / (Record no. 40932)

000 -LEADER
fixed length control field 01244nam a22001817a 4500
005 - DATE AND TIME OF LATEST TRANSACTION
control field 20250206150242.0
008 - FIXED-LENGTH DATA ELEMENTS--GENERAL INFORMATION
fixed length control field 241007b ||||| |||| 00| 0 eng d
040 ## - CATALOGING SOURCE
Transcribing agency SSBUL
082 ## - DEWEY DECIMAL CLASSIFICATION NUMBER
Edition number 23
Classification number ၂၉၄.၃၀၉၂ သိန်း
Item number ၁၃၁၉၄ S-SAT
100 0# - MAIN ENTRY--PERSONAL NAME
Personal name သိန်း၊ ဆရာ ၊မှော်ဘီ။
245 1# - TITLE STATEMENT
Title ဘွဲ့တံဆိပ်တော်ရ ဆရာတော်များနှင့် ရှေးနှောင်းထင်ပေါ် ဆရာတော် (၁၀၅) ပါးတို့၏ အတ္ထုပ္ပတ္တိအကျဉ်း /
Remainder of title မှော်ဘီဆရာသိန်းကြီး နှင့်မင်းလှသီရိသီဟသူ။
260 ## - PUBLICATION, DISTRIBUTION, ETC.
Place of publication, distribution, etc. စစ်ကိုင်း ၊
Name of publisher, distributor, etc. သီတဂူကမ္ဘာ့ဗုဒ္ဓတက္ကသိုလ်၊
Date of publication, distribution, etc. ၂၀၀၉။
300 ## - PHYSICAL DESCRIPTION
Extent ဖ၊ ၁၉၁ စာမျက်နှာ ၊
Other physical details ၂၁ စင်တီ။
500 ## - GENERAL NOTE
General note S-SAT: Dr. Sai Aung Tun
650 ## - SUBJECT ADDED ENTRY--TOPICAL TERM
Topical term or geographic name entry element ဆရာတော်များ
General subdivision ထေရုပ္ပတ္တိ။
9 (RLIN) 54907
Topical term or geographic name entry element ဗုဒ္ဓဘာသာရဟန်းတော်များ
General subdivision ထေရုပ္ပတ္တိ။
9 (RLIN) 57386
942 ## - ADDED ENTRY ELEMENTS (KOHA)
Source of classification or shelving scheme
Koha item type Book (Short term)
Holdings
Withdrawn status Lost status Source of classification or shelving scheme Damaged status Not for loan Collection code Permanent Location Current Location Shelving location Date acquired Total Checkouts Full call number Barcode Date last seen Price effective from Koha item type Accession
          Special Collections Shan State Buddhist University Library Shan State Buddhist University Library Special Collection Shelves 07/10/2024   ၂၉၄.၃၀၉၂ သိန်း ၁၃၁၉၄ S-SAT MB00013194 07/10/2024 07/10/2024 Book (Short term) ၁၃၁၉၄ S-SAT

Library - 09407999929
Admin Office - 09407999979
Dean Office - 09250910768
Registrar Office - 09892297154
Email - [email protected]
Shan State Buddhist University, Phaya Phyu Taunggyi, Shan State, Myanmar.